Africa: True or False? - Statistics

General Stats
  • This quiz has been taken 77 times
    75 since last reset
  • The average score is 10 of 15
Answer Stats
Question Answer % Correct
The capital of Tunisia is Tunis. True
88%
There are a total of 6 island nations in Africa. True
81%
You can find Mount Kilimanjaro in Tanzania. True
81%
Africa is the second-largest continent in the world. True
75%
The Capital of Algeria is Algiers. True
75%
There are a total of 54 countries in Africa. True
75%
The most Sunni Islam country is Egypt. True
69%
The Sahara desert is located in Southern Africa False
63%
Nigeria is the most populated country in Africa True
63%
The population of Africa is under 1 Billion people. False
56%
Comoros is the largest African island. False
50%
The country with the largest film industry in Africa is South Africa. False
50%
Most of the North African countries have a majority Christian population. False
50%
The smallest country in Africa is Sao Tome and Principe. False
44%
The Suez Canal separates Africa from Europe. False
38%
No matching quizzes found
Score Distribution
Percent of People with Each Score
Percentile by Number Answered
Your Score History
You have not taken this quiz since the last reset